Wage differentials among workers: An empirical analysis of the manufacturing and service sectors (Record no. 513511)

000 -LEADER
fixed length control field 00579nam a2200169 4500
008 - FIXED-LENGTH DATA ELEMENTS--GENERAL INFORMATION
fixed length control field 200304b ||||| |||| 00| 0 eng d
100 ## - MAIN ENTRY--PERSONAL NAME
Personal name Madan, Sonu
245 ## - TITLE STATEMENT
Title Wage differentials among workers: An empirical analysis of the manufacturing and service sectors
260 ## - PUBLICATION, DISTRIBUTION, ETC. (IMPRINT)
Name of publisher, distributor, etc Indian Journal of Labour Economics
300 ## - PHYSICAL DESCRIPTION
Extent 62(4), Oct-Dec, 2019: p.731-747.
650 ## - SUBJECT ADDED ENTRY--TOPICAL TERM
Topical term or geographic name as entry element Wages
9 (RLIN) 16504
650 ## - SUBJECT ADDED ENTRY--TOPICAL TERM
Topical term or geographic name as entry element Service sector
9 (RLIN) 16505
650 ## - SUBJECT ADDED ENTRY--TOPICAL TERM
Topical term or geographic name as entry element Service industry
9 (RLIN) 16506
773 ## - HOST ITEM ENTRY
Main entry heading Indian Journal of Labour Economics
906 ## - LOCAL DATA ELEMENT F, LDF (RLIN)
Subject DIP Manufacturing industry
942 ## - ADDED ENTRY ELEMENTS (KOHA)
Source of classification or shelving scheme
Item type Articles
Holdings
Withdrawn status Lost status Source of classification or shelving scheme Damaged status Not for loan Permanent location Current location Date acquired Serial Enumeration / chronology Barcode Date last seen Koha item type
          Indian Institute of Public Administration Indian Institute of Public Administration 2020-03-04 62(4), Oct-Dec, 2019: p.731-747. AR122672 2020-03-04 Articles

Powered by Koha